000 00400nam a2200157Ia 4500
008 230917s9999||||xx |||||||||||||| ||und||
040 _e131682
_aMAIN
041 _aEnglish
082 _a658.1511 M698M
100 _aMittal, S.N.
245 0 _aManagement accounting & financial management
250 _a2nd ed.
260 _aDelhi
_bShree mahavir book depot
300 _a23.7p p.
942 _cBK
999 _c102860
_d102860